[Event "Stay Safe Play From Home 307"]
[Site "Emanuel Lasker Arena"]
[Date "2020.07.16"]
[Round "2"]
[White "Weltszmerc"]
[Black "Tolka"]
[Result "0-1"]
[WhiteElo "2158"]
[BlackElo "2329"]
[Annotator "TA"]
[PlyCount "154"]
[EventDate "2020.07.16"]
[EventType "swiss (blitz)"]

{[%evp 13,154,31,24,25,20,20,19,15,27,3,28,0,34,0,0,-161,-144,-531,-521,-524,-527,-569,-568,-553,-505,-499,-437,-452,-367,-429,-389,-500,-383,-404,-387,-575,-555,-561,-523,-516,-445,-425,-345,-560,-546,-528,-530,-637,-641,-629,-608,-586,-270,-1017,-975,-1529,-1470,-2041,-1851,-29972,-29975,-29977,-29978,-29982,-12845,-29985,-12843,-12842,-12842,-12842,-12842,-12842,-12843,-12843,-12843,-12843,-12843,-29987,-29988,-29989,-29989,-29989,-29990,-29990,-12848,-12849,-12849,-29993,-29993,-29993,-29994,-29994,-29993,-29993,-29992,-29994,-29993,-29993,-29992,-29992,-29993,-29993,-29994,-29994,-29995,-29996,-29995,-29995,-29995,-29995,-27999,-29994,-27999,-29995,-27999,-29995,-27999,-29992,-27999,-29992,-27999,-29992,-27999,-29991,-29997,-29997,-27999,-29998,-27999,-29997,-27999,-29997,-27999,-29997,-27999,-29996,-27999,-27998,-27999,-27999,-27998,-27999,-27999]} 1. d4 Nf6 2. c4 c5 3. d5 e6 4. Nc3 exd5 5. cxd5 d6 6. e4 g6 7. Bb5+ Nbd7 8. a4 {A65: Modern Benoni: 6 e4.} (8. Be2 {seems wilder.} Bg7 9. Nf3 O-O 10. O-O a6 11. a4) 8... Bg7 9. Nf3 O-O 10. O-O {The position is equal.} a6 11. Bd3 Re8 12. Bf4 Nh5 {[#]} 13. Bxd6 $146 {Strongly threatening Qb3.} ({Predecessor:} 13. Bg5 Bf6 14. Be3 Ne5 15. Be2 Bg4 16. Nxe5 Bxe2 17. Nxe2 Bxe5 18. Qc2 b5 19. g3 {0-1 (45) Irinchinov,V (1944)-Badmatsyrenov,O (2442) Ulan Ude 2010}) 13... Qb6 $36 {[%mdl 2112] Double Attack. Black fights for an advantage.} 14. Bg3 $2 (14. e5 $1 $11 {and White has nothing to worry.} Nxe5 15. Bxe5 Bxe5 16. Nxe5 Rxe5 17. Qd2) 14... Qxb2 $19 15. Qc1 $2 {[%mdl 8192]} (15. Ne2 $17 Qxa1 16. Qxa1 Bxa1 17. Rxa1) 15... Qxc3 16. Qxc3 Bxc3 17. Rab1 Nxg3 18. hxg3 Ne5 19. Rfc1 Nxf3+ (19... Nxd3 $2 20. Rxc3 Nb4 21. Nd2 $19) 20. gxf3 Bd4 21. f4 Kg7 22. Kg2 h5 23. e5 Rb8 24. d6 (24. a5 {is a better defense.}) 24... Bd7 25. a5 Bc6+ 26. f3 {[#]} g5 $1 27. Be4 (27. fxg5 Rxe5) 27... g4 28. Bxc6 $2 (28. Rd1 {might work better.}) 28... bxc6 29. fxg4 hxg4 30. Rb6 Rxb6 31. axb6 {[%mdl 4096] Endgame KRB-KR} Rb8 32. Rb1 Kf8 (32... c4 $142 {aiming for ...c3.} 33. Rb4 c5 34. Rxc4 Kf8) 33. f5 $2 (33. Rh1 Kg7 34. Rh5) 33... Bxe5 34. d7 Ke7 35. b7 Kxd7 36. Rb6 {[#]} Kc7 $1 37. Rxa6 Rxb7 38. Ra8 f6 (38... Rb2+ $142 39. Kg1 Bxg3 40. Rg8 c4 41. Rxg4 Bh2+ 42. Kf1 c3 43. Ke1 Rb1+ 44. Ke2 c2 45. Rc4 c1=Q 46. Rxc1 Rxc1 47. f6 c5 48. Kd2 Bf4+ 49. Kd3 Kd6 50. Ke4 Rc4+ 51. Kf5 Kd5 52. Kg4 Ke4 53. Kh4 Kf3 54. Kh3 Be3 55. Kh2 Rh4#) 39. Rg8 Kb6 (39... Rb2+ $142 40. Kf1 c4 41. Ke1 c3 42. Rg7+ Kd6 43. Rxg4 Kd5 44. Kd1 Bd4 45. Rg7 c2+ 46. Kd2 Be3+ $1 {[%mdl 512]} 47. Kd3 c1=Q 48. Rd7+ Kc5 49. g4 Bg1 50. Rd5+ cxd5 51. g5 Qe3#) 40. Rxg4 Kb5 41. Re4 c4 42. g4 Rg7 43. Kf3 c3 44. Re1 Kc4 45. Ke4 c2 46. Ke3 Kc3 47. Ra1 Kb2 48. Rg1 {[#]} c1=Q+ (48... Rxg4 $142 $1 49. Rxg4 c1=Q+ 50. Ke2 Qc2+ {[%mdl 64] Double Attack} 51. Ke3 Qc3+ 52. Ke2 Qc2+ 53. Ke3 Kc3 54. Rg8 Qd3+ 55. Kf2 Qh3 56. Ke1 Bd4 57. Re8 Qg2 58. Rh8 Qf2+ {[%mdl 64] Double Attack} 59. Kd1 Qf1#) 49. Rxc1 Kxc1 50. Kf3 Rg5 {Black mates.} 51. Ke4 Kc2 52. Kf3 Kc3 53. Ke4 Kc4 54. Kf3 Kd5 55. Ke3 c5 56. Kf3 c4 57. Ke3 c3 58. Kd3 Rxg4 59. Kc2 Rg3 60. Kc1 Ke4 61. Kc2 Kxf5 62. Kc1 Ke4 63. Kc2 Kd4 64. Kb3 Kd3 65. Kb4 c2 66. Kc5 Rg1 67. Kd5 Kd2 68. Ke6 c1=Q 69. Kf5 Qc8+ 70. Ke4 Qc2+ 71. Kd5 {[#]} Qe4+ $1 72. Ke6 (72. Kxe4 Re1+) 72... Rg4 73. Kf7 Rf4 74. Ke6 {[#]} Qd5+ $1 {[%mdl 64] Decoy} 75. Kxd5 Rd4+ 76. Ke6 Rd6+ 77. Kf7 Kc3 {Black took control after the opening. Accuracy: White = 31%, Black = 69%.} 0-1

[Event "Stay Safe Play From Home 307"]
[Site "Emanuel Lasker Arena"]
[Date "2020.07.16"]
[Round "2"]
[White "Scorpio New"]
[Black "Buzaglo"]
[Result "1-0"]
[WhiteElo "2044"]
[BlackElo "2019"]
[Annotator "TA"]
[PlyCount "139"]
[EventDate "2020.07.16"]
[EventType "swiss (blitz)"]

{[%evp 9,139,-38,-38,-45,-21,-17,-11,-95,-87,-95,-101,-113,-92,-102,33,33,32,41,118,20,72,0,45,-27,73,91,103,101,100,-23,-29,-21,122,14,87,10,25,0,0,0,62,-16,49,49,49,-37,-37,-37,-15,0,0,-2,0,0,11,0,67,68,133,89,133,133,118,91,91,87,117,117,155,117,117,81,91,45,45,45,492,443,559,556,516,149,400,149,184,87,93,-104,-104,-120,0,0,0,0,0,-1236,-724,-1428,-1277,-1225,418,366,301,8,29943,5081,1955,1981,1494,1636,1221,397,29975,11670,29984,29985,29987,29981,29981,29982,29984,29985,29985,29985,29987,29988,29988,29987,29988,29987,29984,29977]} 1. d3 e6 2. Nd2 d5 3. c3 Nf6 4. Qc2 c5 5. e4 Nc6 6. Ngf3 {A00: Irregular Openings.} e5 7. g3 d4 {[#]} 8. c4 $146 (8. Nc4 $11) ({Predecessor:} 8. Bg2 Be7 9. O-O O-O 10. h3 Qc7 11. Re1 b5 12. a3 Be6 13. c4 bxc4 14. Nxc4 {½-½ (55) Hernandez,J-Borrell,A Cuba 2000}) 8... Be7 9. a3 Be6 10. Bg2 a6 11. Ng5 Rc8 (11... Bg4 $17) 12. Nxe6 $14 fxe6 13. Nf3 b5 (13... O-O $14) 14. b3 (14. Bh3 $16) 14... b4 (14... Qd6 $11) 15. a4 (15. Ng5 $16 Qd6 16. Bh3) 15... a5 16. O-O (16. Bh3 $14 Qd6 17. Ng5) 16... Bd6 (16... h6 $11 {remains equal.}) 17. Ng5 $16 Qe7 18. Bh3 Nd8 19. Qe2 (19. f4 $1 $16) 19... h6 $11 20. Nf3 O-O (20... g5 $11) 21. Nd2 (21. Nh4 $1 $16) 21... Ne8 (21... Nd7 $11) 22. Bb2 ({White should try} 22. f4 $1 $16) 22... Qf6 23. Bg2 g5 24. Rae1 Ng7 (24... Qg7 $11) 25. Qf3 (25. Bc1 $14) 25... Nc6 (25... Qg6 $11 26. Qd1 Ne8) 26. Qxf6 $14 Rxf6 27. Nf3 (27. Bf3 $14) 27... Rcf8 $15 28. Nd2 Ne7 29. Bc1 Ng6 30. h3 h5 31. Re2 g4 32. h4 Ne7 (32... Be7 $11) 33. f3 $14 gxf3 (33... Rg6 $14) 34. Rxf3 Ng6 35. Rxf6 Rxf6 36. Rf2 (36. Nf3 {with more complications.} Nh8 37. Rf2 Nf7 38. Bh3 Be7 39. Bd2) 36... Rxf2 37. Kxf2 Be7 38. Nf3 Kf7 39. Bh3 Ne8 40. Bg5 Nd6 41. Bxe7 Kxe7 $16 {[%mdl 4096] Endgame KBN-KNN} 42. Ng5 Nf7 $2 {[%mdl 8192]} (42... Nf8 $14) 43. Nxe6 $18 Nh6 44. Nxc5 Kd6 45. Nb7+ $2 (45. Nd7 $18) 45... Kc6 $2 {[%mdl 8192]} (45... Kc7 $16) 46. Nxa5+ $2 (46. Nd8+ $18 {has better winning chances.} Kd6 47. Ne6) 46... Kb6 $16 {[#]} 47. c5+ ({Stronger than} 47. Bf5 Nf8 $11) (47. Bd7 $1 $18 {aiming for Nc6.} Ng4+ 48. Kf3 (48. Bxg4 hxg4 49. h5 Nf8 $14)) 47... Kxa5 48. c6 $2 (48. Bd7 $16 {stays on course.}) 48... Kb6 $17 49. Bf5 Nxf5 (49... Nf8 $17 50. g4 hxg4) 50. exf5 {KN-KP} Nf8 51. Kf3 Kxc6 52. Ke4 $2 {[%mdl 8192]} (52. g4 $11 hxg4+ 53. Kxg4) 52... Kd6 53. f6 Ne6 54. f7 Ke7 $4 {[%mdl 8192]} (54... Nc5+ $19 {and life is good for Black.} 55. Kf5 Ke7) 55. Kxe5 $18 Kxf7 56. Kd5 $2 (56. a5 $18 {Hoping for Kd6.} Nc7 57. Kd6 (57. Kxd4 Ke7 $16) 57... Nb5+ {[#]} 58. Kc5 $1 {[%mdl 512]}) 56... Ng7 $2 {[%mdl 8192]} (56... Ke7 $11) 57. a5 Nf5 58. a6 Ne7+ 59. Kxd4 Nc8 60. Kc4 $2 (60. Ke4 {Strongly threatening g4!} Kg6 61. Ke5) 60... Na7 $2 (60... Ke6 $18 61. Kxb4 Kd6) 61. Kxb4 Nc6+ 62. Kc5 {White mates.} Na7 63. Kb6 Nc8+ 64. Kc7 Ne7 65. Kb7 Nf5 66. a7 Nxg3 67. a8=Q Nf5 68. Qa7 Ne7 69. Kb6 Ke6 70. Kb5 {Never resign too early! Accuracy: White = 47%, Black = 41%.} 1-0

[Event "Stay Safe Play From Home 307"]
[Site "Emanuel Lasker Arena"]
[Date "2020.07.16"]
[Round "2"]
[White "Bardellosport"]
[Black "Haris kollari 13"]
[Result "1-0"]
[WhiteElo "1983"]
[BlackElo "1715"]
[Annotator "NA RC"]
[PlyCount "87"]
[EventDate "2020.07.16"]
[EventType "swiss (blitz)"]

1. d4 {[%emt 0:00:01]} e6 {[%emt 0:00:00]} 2. e3 {[%emt 0:00:00]} d5 {[%emt 0:00:00]} 3. f4 {[%emt 0:00:00]} c5 {[%emt 0:00:01]} 4. Nf3 {[%emt 0:00:00]} f5 {[%emt 0:00:01]} 5. c3 {[%emt 0:00:01]} c4 {[%emt 0:00:01]} 6. Bd3 {[%emt 0:00:00]} Nc6 {[%emt 0:00:01]} 7. Be2 {[%emt 0:00:01]} Nf6 {[%emt 0:00:02]} 8. O-O {[%emt 0:00:00]} Bd6 {[%emt 0:00:01]} 9. Ne5 {[%emt 0:00:01]} O-O {[%emt 0:00:01]} 10. Bf3 {[%emt 0:00:00]} Ne4 {[%emt 0:00:02]} 11. Bxe4 {[%emt 0:00:01]} fxe4 {[%emt 0:00:01]} 12. Nd2 {[%emt 0:00:00]} Bxe5 {[%emt 0:00:01]} 13. dxe5 {[%emt 0:00:01]} Bd7 {[%emt 0:00:03]} 14. Qe2 {[%emt 0:00:00]} Be8 {[%emt 0:00:01]} 15. g4 {[%emt 0:00:01]} b5 {[%emt 0:00:01]} 16. Rf2 {[%emt 0:00:01]} Qh4 {[%emt 0:00:01]} 17. Nf1 {[%emt 0:00:01]} a5 {[%emt 0:00:03]} 18. Rg2 {[%emt 0:00:00]} Bg6 {[%emt 0:00:01]} 19. Qf2 {[%emt 0:00:00]} Qe7 {[%emt 0:00:01]} 20. g5 {[%emt 0:00:01]} b4 {[%emt 0:00:01]} 21. Bd2 {[%emt 0:00:01]} a4 {[%emt 0:00:01]} 22. a3 {[%emt 0:00:01]} bxa3 {[%emt 0:00:03]} 23. Rxa3 {[%emt 0:00:00]} Rfb8 {[%emt 0:00:01]} 24. h4 {[%emt 0:00:01]} Rxb2 {[%emt 0:00:01]} 25. Qe1 {[%emt 0:00:04]} Bf5 {[%emt 0:00:01]} 26. Bc1 {[%emt 0:00:01]} Rb1 {[%emt 0:00:01]} 27. Raa2 {[%emt 0:00:02]} Rab8 {[%emt 0:00:02]} 28. Nd2 {[%emt 0:00:03]} R1b3 {[%emt 0:00:05]} 29. h5 {[%emt 0:00:03]} Rxc3 {[%emt 0:00:02]} 30. Bb2 {[%emt 0:00:02]} Rc2 {[%emt 0:00:01]} 31. Qd1 {[%emt 0:00:02]} Rcxb2 {[%emt 0:00:02]} 32. Rxa4 {[%emt 0:00:02]} Qb7 {[%emt 0:00:03]} 33. Qe2 {[%emt 0:00:02]} c3 {[%emt 0:00:01]} 34. Ra1 {[%emt 0:00:03]} Rxd2 {[%emt 0:00:01]} 35. Qe1 {[%emt 0:00:01]} Rxg2+ {[%emt 0:00:02]} 36. Kxg2 {[%emt 0:00:00]} Qb2+ {[%emt 0:00:01]} 37. Kg3 {[%emt 0:00:02]} c2 {[%emt 0:00:00]} 38. Rc1 {[%emt 0:00:02]} Qb1 {[%emt 0:00:01]} 39. Qd2 {[%emt 0:00:02]} Qb2 {[%emt 0:00:02]} 40. Rxc2 {[%emt 0:00:01]} Qb3 {[%emt 0:00:01]} 41. Rc3 {[%emt 0:00:01]} Qb1 {[%emt 0:00:02]} 42. Rc1 {[%emt 0:00:01]} Qb5 {[%emt 0:00:02]} 43. Rc2 {[%emt 0:00:00]} d4 {[%emt 0:00:01]} 44. Qc3 {[%emt 0:00:00] Time (Lag: Av=0.38s, max=0.9s)} 1-0

[Event "Stay Safe Play From Home 307"]
[Site "Emanuel Lasker Arena"]
[Date "2020.07.16"]
[Round "2"]
[White "Grazie"]
[Black "Greblha"]
[Result "0-1"]
[WhiteElo "1935"]
[BlackElo "1896"]
[Annotator "TA"]
[PlyCount "84"]
[EventDate "2020.07.16"]
[EventType "swiss (blitz)"]

{[%evp 9,84,2,33,18,17,4,17,17,15,0,-7,-1,12,10,8,10,41,29,45,27,28,24,27,0,0,-43,-42,-54,-51,-108,-72,-106,-65,-50,-58,-187,-82,-88,-22,-118,-108,-144,-34,-89,490,-465,-460,-414,-315,-457,-452,-29995,-40,-159,-162,-470,452,-588,-558,-890,-879,-29994,0,0,0,0,0,0,0,0,0,0,0,0,0,0,0]} 1. d4 c6 2. c3 d5 3. g3 g6 4. Bg2 Bg7 5. Nf3 {[#]} Nh6 $146 ({Predecessor:} 5... Nf6 6. O-O O-O 7. Bf4 Bf5 8. Qb3 Qb6 9. Nbd2 Nbd7 10. h3 Ne4 11. Nxe4 Bxe4 12. Nd2 Bxg2 13. Kxg2 e5 14. dxe5 Bxe5 15. Qxb6 axb6 16. Bxe5 Nxe5 {½-½ (78) Hera,I (2530)-Ivanchuk,V (2786) Kallithea 2008}) 6. Bxh6 {D00: 1 d4 d5: Unusual lines.} Bxh6 7. Nbd2 O-O 8. O-O Bf5 9. e4 dxe4 10. Nh4 $1 Qd7 11. Nxe4 Bxe4 12. Bxe4 Na6 13. Qb3 e6 14. f4 Rab8 15. Rad1 Nc7 16. Ng2 (16. Nf3 {seems wilder.} Ne8 17. Qc2 Qc7 18. Bd3 Nf6 19. Ne5) 16... Nd5 17. Bxd5 (17. Qc2 {with more complications.} Rfd8 18. Qf2 Qc7 19. a3 a5 20. Ne3) 17... cxd5 18. h3 b5 19. g4 (19. Ne3 $15) 19... a5 20. f5 gxf5 21. gxf5 Kh8 22. Qa3 (22. Qc2 $15) 22... b4 (22... Rg8 $19 {has better winning chances.} 23. Rf3 exf5) 23. cxb4 $17 axb4 (23... Rxb4 $17 24. fxe6 Qxe6) 24. Qg3 (24. Qf3 $11 exf5 25. Qxf5 Qxf5 26. Rxf5) 24... Rg8 $1 $36 {[%cal Rg8g3][%mdl 2048] Black is in control.} 25. Qh4 Be3+ (25... Bg5 $1 $17 {[%cal Rg5h4]} 26. Qg3 exf5 27. Qe5+ {[%mdl 64] Double Attack} f6 28. Qxf5 Qxf5 29. Rxf5 b3) 26. Kh2 ({Better is} 26. Kh1 $15 Bg5 27. fxe6 fxe6 28. Qh5) 26... Bxd4 $2 {[%mdl 8192]} (26... Bg5 $17 27. Qh5 exf5) 27. b3 $4 {[%mdl 8192]} ({Not} 27. Rxd4 Qd8 $18) (27. Qxd4+ $18 Rg7 28. Nf4) 27... Be5+ $19 28. Kh1 d4 29. fxe6 (29. Qe4 $142 f6 30. fxe6 Qxe6 31. Nf4) 29... Qxe6 30. Qe4 (30. Rxd4 $19 Bxd4 31. Qxd4+ Rg7 32. Kh2) 30... Qd6 $2 (30... Qxh3+ 31. Kg1 Bh2+ 32. Kf2 Rxg2+ $1 {[%mdl 512]} 33. Ke1 Qg3+ 34. Rf2 Qxf2#) 31. Rf5 (31. Rxf7 $15 Rg7 32. Rxg7 Bxg7 33. Nf4) 31... f6 $17 {...Rg3 is the strong threat.} 32. Ne1 $2 (32. Ne3) 32... Rb7 $4 {[%mdl 8192]} (32... Rbe8 $19 {and life is good for Black.} 33. Nd3 Qd7) 33. Nf3 $4 {[%mdl 8192]} (33. Qxb7 $18 {is the narrow road to win.} Qe6 34. Qe4 Rg1+ {[%mdl 64] Decoy} 35. Kxg1 Bh2+ {[%mdl 64] Discovered Attack} 36. Kxh2 Qxe4 37. Rf2) 33... Rbg7 $1 $19 34. Nxe5 fxe5 35. Qxe5 Qxe5 $2 (35... Qc6+ {mates} 36. Qd5 {[#]} Rg3 $1 {[%mdl 512]} 37. Kh2 Qc2+ $1 {[%mdl 576] Double Attack} 38. Rd2 Qxd2+ 39. Rf2 Qxf2+ 40. Kh1 Rxh3#) 36. Rxe5 {[%mdl 4096] Endgame KRR-KRR. The position is equal.} Rg3 {[%cal Rg3h3]} 37. Kh2 Rg2+ 38. Kh1 Rxa2 {And now ...Rg3 would win.} 39. Rxd4 Ra3 40. Rd3 Ra1+ 41. Kh2 Ra2+ 42. Kh1 Rag2 {[%mdl 32768] Accuracy: White = 32%, Black = 56%. . Loss on time!?} 0-1

[Event "Stay Safe Play From Home 307"]
[Site "Emanuel Lasker Arena"]
[Date "2020.07.16"]
[Round "2"]
[White "Bishop91"]
[Black "Broken sword"]
[Result "0-1"]
[WhiteElo "1703"]
[BlackElo "2438"]
[Annotator "NA RC"]
[PlyCount "70"]
[EventDate "2020.07.16"]
[EventType "swiss (blitz)"]

1. e4 {[%emt 0:00:01]} c5 {[%emt 0:00:01]} 2. Nf3 {[%emt 0:00:00]} e6 {[%emt 0:00:00]} 3. d4 {[%emt 0:00:00]} a6 {[%emt 0:00:00]} 4. d5 {[%emt 0:00:01]} exd5 {[%emt 0:00:00]} 5. exd5 {[%emt 0:00:01]} d6 {[%emt 0:00:00]} 6. Bd3 {[%emt 0:00:01]} Nf6 {[%emt 0:00:00]} 7. O-O {[%emt 0:00:01]} Be7 {[%emt 0:00:00]} 8. Re1 {[%emt 0:00:01]} Bg4 {[%emt 0:00:01]} 9. Bg5 {[%emt 0:00:00]} O-O {[%emt 0:00:01]} 10. Qe2 {[%emt 0:00:02]} Re8 {[%emt 0:00:02]} 11. Bxf6 {[%emt 0:00:01]} gxf6 {[%emt 0:00:00]} 12. h3 {[%emt 0:00:02]} Bh5 {[%emt 0:00:01]} 13. Nbd2 {[%emt 0:00:01]} Nd7 {[%emt 0:00:01]} 14. g4 {[%emt 0:00:01]} Bg6 {[%emt 0:00:01]} 15. Nh4 {[%emt 0:00:01]} Ne5 {[%emt 0:00:01]} 16. Nf5 {[%emt 0:00:02]} Bf8 {[%emt 0:00:01]} 17. Nc4 {[%emt 0:00:03]} Nxc4 {[%emt 0:00:01]} 18. Bxc4 {[%emt 0:00:01]} Rxe2 {[%emt 0:00:01]} 19. Rxe2 {[%emt 0:00:01]} Bxf5 {[%emt 0:00:01]} 20. g5 {[%emt 0:00:01]} b5 {[%emt 0:00:00]} 21. Bd3 {[%emt 0:00:03]} Bxd3 {[%emt 0:00:01]} 22. cxd3 {[%emt 0:00:00]} fxg5 {[%emt 0:00:00]} 23. Kh2 {[%emt 0:00:02]} Bg7 {[%emt 0:00:00]} 24. Rg1 {[%emt 0:00:02]} Be5+ {[%emt 0:00:02]} 25. Kh1 {[%emt 0:00:01]} Bf4 {[%emt 0:00:01]} 26. Re4 {[%emt 0:00:03]} Kh8 {[%emt 0:00:01]} 27. Rge1 {[%emt 0:00:00]} Qd7 {[%emt 0:00:01]} 28. Kg2 {[%emt 0:00:01]} Kg7 {[%emt 0:00:02]} 29. f3 {[%emt 0:00:01]} Rf8 {[%emt 0:00:04]} 30. b3 {[%emt 0:00:01]} Qb7 {[%emt 0:00:01]} 31. a3 {[%emt 0:00:01]} Qxd5 {[%emt 0:00:01]} 32. Rd1 {[%emt 0:00:02]} Qxb3 {[%emt 0:00:01]} 33. Rde1 {[%emt 0:00:02]} Qxd3 {[%emt 0:00:01]} 34. R1e2 {[%emt 0:00:00]} Qxa3 {[%emt 0:00:01]} 35. Re7 {[%emt 0:00:01]} d5 {[%emt 0:00:01] Bishop91 resigns (Lag: Av=0.23s, max=0.4s)} 0-1

[Event "Stay Safe Play From Home 307"]
[Site "Emanuel Lasker Arena"]
[Date "2020.07.16"]
[Round "3"]
[White "Broken sword"]
[Black "Hetou"]
[Result "0-1"]
[WhiteElo "2438"]
[BlackElo "2477"]
[Annotator "TA"]
[PlyCount "56"]
[EventDate "2020.07.16"]
[EventType "swiss (blitz)"]

{[%evp 9,56,40,50,30,33,26,31,37,41,44,38,41,45,39,89,9,13,-29,0,-20,-10,-6,-16,-59,-32,-47,-34,-92,-21,-31,-21,-87,-85,-349,-81,-103,-81,-126,-119,-120,-120,-119,-122,-197,-127,-378,-381,-541,-538]} 1. e4 b6 2. d4 Bb7 3. Bd3 g6 4. c3 Bg7 5. Nf3 d6 6. Bg5 {B00: Queen's Fianchetto Defence, Nimzowitsch Defence.} Nd7 7. Nbd2 h6 8. Bh4 {White is slightly better.} Ngf6 9. O-O e5 10. Re1 O-O 11. a4 {[#]} Qe8 $146 ({Predecessor:} 11... a5 12. Bf1 Qe8 13. Qc2 Nh5 14. Nc4 g5 15. Bg3 g4 16. Nh4 Nxg3 17. hxg3 exd4 18. cxd4 Bxd4 {1-0 (55) Gelfand,B (2758)-Mamedyarov,S (2719) Moscow 2009}) 12. dxe5 (12. a5 $16) 12... dxe5 $11 13. Qe2 Nc5 14. Bc4 a5 15. Bxf6 Bxf6 16. Bd3 Bg7 17. Bc2 Rd8 18. b3 (18. b4 $15 Ba6 19. Nc4) 18... Kh7 ({Black should play} 18... Ba6 $17 19. Nc4 Qe6) 19. Nc4 Qe7 20. Na3 (20. g3 $11 {remains equal.}) 20... Ba6 $36 {[%mdl 2048] White is under strong pressure.} 21. Nb5 $2 {[%mdl 8192]} (21. Nc4 $17) 21... Ne6 $2 (21... c6 $19 {has better winning chances.} 22. Rec1 cxb5 23. axb5 Bc8) 22. Qe3 Nf4 23. Rad1 h5 {[#] ...Bh6 is the strong threat.} 24. g3 Ne6 25. c4 Bh6 26. Qc3 (26. Qe2 $17 {only move.}) 26... f6 (26... c6 $19 27. Nxe5 cxb5 28. Rxd8 Qxd8) 27. Kg2 $2 {[%mdl 8192] [#]} (27. Qb2 $17 {is a better defense.}) 27... c6 $19 28. Na3 (28. Nbd4 $142 Nxd4 29. Nxd4 exd4 30. Rxd4) 28... Qxa3 {Accuracy: White = 40%, Black = 63%.} 0-1

[Event "Stay Safe Play From Home 307"]
[Site "Emanuel Lasker Arena"]
[Date "2020.07.16"]
[Round "3"]
[White "Tolka"]
[Black "AChessPlayer"]
[Result "0-1"]
[WhiteElo "2339"]
[BlackElo "2409"]
[Annotator "TA"]
[PlyCount "102"]
[EventDate "2020.07.16"]
[EventType "swiss (blitz)"]

{[%evp 15,101,0,5,0,6,0,0,0,0,0,0,0,19,8,260,251,270,264,297,292,284,286,305,264,269,257,261,247,266,262,270,108,243,77,239,91,231,161,171,84,181,97,175,147,169,155,148,0,356,283,470,-34,-55,-304,-212,-216,-217,-206,-110,-108,-126,-205,-206,-373,-355,-387,-391,-383,-351,-1149,-1140,-5538,-5535,-5310,-5114,-29987,-29988,-29988,-29989,-29989,-29990,-29990,-29991,-29992,-29992,-29997,-29996,-29999]} 1. e4 c6 2. Nc3 d5 3. Nf3 dxe4 4. Nxe4 Nf6 5. Nxf6+ exf6 6. d4 Bd6 7. Be2 O-O 8. O-O Re8 9. c4 {B15: Caro-Kann: 3 Nc3: 3...g6 and 3...dxe4 4 Nxe4 Nf6 5 Nxf6+ exf6.} Nd7 10. h3 Nf8 11. Be3 {The position is equal.} Ng6 12. Qd2 Qc7 13. Rfe1 {[#]} Bd7 $146 ({Predecessor:} 13... Bf5 14. d5 c5 15. Bd3 Bxd3 16. Qxd3 Re7 17. Bd2 Rae8 18. Rxe7 Rxe7 19. Re1 Rxe1+ 20. Nxe1 Qe7 {½-½ (56) Jackson,A (2223)-Thiruchelvam,M (2020) Scarborough 1999}) 14. Bf1 Nf4 $2 {[%mdl 8192]} (14... b6 $11 {and Black is okay.}) 15. c5 $18 Nxh3+ 16. gxh3 Bf8 17. Bf4 Qc8 18. Rxe8 Bxe8 19. Re1 Bd7 20. Kh2 Be6 21. Bg3 Qd7 22. Qe3 Rd8 23. Nh4 (23. a3 $18) 23... g6 (23... Qxd4 $16 24. Qxd4 Rxd4) 24. Ng2 $2 (24. Nf3 $18 {and White stays clearly on top.}) 24... Bxa2 $2 (24... Qxd4 $16 25. Qxd4 Rxd4) 25. Qf4 (25. Qa3 $18 Be6 26. Nf4 (26. Qxa7 Qxd4 27. Qxb7 Qxc5 $16)) 25... f5 (25... Qxd4 $16 26. Re4 Qxb2) 26. Rd1 Bb3 27. Rd2 (27. Ra1 $18 {has better winning chances.}) 27... b6 (27... Bxc5 $16 28. Rd3 Bc4) 28. Bh4 (28. Qe3 $18 Qe6 29. Be5) 28... Re8 (28... Bxc5 $16 {is a better defense.} 29. dxc5 (29. Bxd8 Bd6 $17) 29... Qxd2) 29. Bf6 Bd5 30. Ne3 Re4 {[#]} 31. Qg5 ({Only move:} 31. Qb8 $1 $16) 31... f4 $2 {[%mdl 8192]} (31... h6 $1 $11 32. Qg1 bxc5 33. dxc5 (33. Nxd5 Qxd5 34. f3 Re6 $11) 33... Bxc5 34. Nxd5 cxd5) 32. Ng4 {Nh6+ would kill now.} h5 $2 (32... Qe6 33. Bg2 f3) 33. Nh6+ $2 (33. Ne5 $18 Qf5 34. Qxf5 gxf5 35. f3) 33... Kh7 $15 34. Nf5 $2 (34. Ng4 $1 $15 Re1 35. Be5 hxg4 {[#]} 36. Qf6 $1 {[%mdl 512]} g3+ {[%mdl 64] Decoy} 37. fxg3 fxg3+ 38. Kxg3 Re3+ 39. Kh2 Rxe5 40. dxe5) 34... Qxf5 35. Qxf5 gxf5 36. Bg2 Re6 ({Much less strong is} 36... bxc5 37. Bxe4 fxe4 38. Be5) (36... Kg6 $19 37. Bxe4 fxe4 38. cxb6 axb6) 37. Bxd5 $17 cxd5 {[%mdl 4096] Endgame KRB-KRB} 38. Be5 (38. Bh4 $17 {was worth a try.}) 38... bxc5 $19 39. Bxf4 $2 (39. b3) 39... c4 40. Rd1 Re2 41. Rd2 Re4 42. Kg3 $2 {[#]} (42. Be5) 42... Rxf4 $1 {[%mdl 64] Remove Defender} 43. Kxf4 Bh6+ {[%mdl 64] Skewer} 44. Kxf5 Bxd2 {KB-KP} 45. Kf6 Bc1 {Black mates.} 46. Kxf7 Bxb2 {KB-K3P} 47. Ke6 c3 48. Kxd5 c2 49. Kc4 c1=Q+ 50. Kb3 Bxd4 51. Ka2 Qb2# {Black used his chance. Accuracy: White = 40%, Black = 50%.} 0-1